Miasta kończące się na G według podpowiedzi - Statystyki

Ogólne statystyki
  • Ten quiz został rozwiązany 1 542 razy
    1 505 od ostatniego zresetowania
  • Średni wynik to 8 z 19
Statystyki odpowiedzi
Wskazówka Odpowiedź % Poprawnych
Stolica Rosji w latach 1712–1918 Petersburg
95%
Stolica Korei Północnej Pjongjang
85%
Siedzibę swoją ma tam Europarlament Strasburg
65%
"Wolne i Hanzeatyckie Miasto" niedaleko ujścia Łaby Hamburg
64%
Drugie największe miasto Szwecji Göteborg
62%
Najstarsze miasto województwa warmińsko-mazurskiego Elbląg
55%
Czwarte największe miasto województwa zachodniopomorskiego Kołobrzeg
51%
Miasto, w którym kręcono zdjęcia do filmu Dźwięki muzyki. Jest także miejscem urodzenia Mozarta Salzburg
50%
Znajduje się tam pomnik Bruce'a Lee Hongkong
48%
Afrykańskie miasto założone w 1886 r., krótko po tym jak odkryto w nim złoża złota Johannesburg
46%
Do początku lat 90 XX w. największy w Polsce ośrodek wydobycia siarki Tarnobrzeg
42%
Miasto, w którym znajduje się europejski Trybunał Sprawiedliwości Luksemburg
35%
Stolica duńskiego regionu Jutlandii Północnej Aalborg
31%
Rosyjskie miasto położone na wschód od Uralu, więziono i zamordowano tam carską rodzinę Jekaterynburg
29%
Stolica kanadyjskiej prowincji Manitoba Winnipeg
29%
Znajduje się tam najstarszy uniwersytet w Niemczech Heidelberg
16%
Leży nad cieśniną Sund, ok. 4 km od duńskiego miasta Helsingør Helsingborg
15%
Stolica Chin podczas II wś, znane jest także z dużej liczby mostów nad rzeką Jangcy Chongqing
13%
Wietnamskie miasto leżące na wybrzeżu. W okresie kolonialnym znane było pod nazwą Tourane Da Nang
9%
Nie znaleziono quizów pasujących do podanych kryteriów
Rozkład punktacji
Procent ludzi z każdym wynikiem
Percentyl według liczby udzielonych odpowiedzi
Twoja historia wyników
Nie rozwiązałeś tego quizu od ostatniego zresetowania